004730000a220008500045001000035000002450039000353000047000745200221001217730045003421 aValencia Rincón, Juan Carlos10aAlá entre la realeza británica aVol.0, núm.22 (Julio, 2007), Página 38 aEl compositor John Tavener estrenó su nueva obra sobre los 99 nombres de Alá, comisionada por el príncipe Carlos y estrenada en la catedral de Westminster en plena época de amenazas terroristas sobre Londres.0 tArcadia / Andrés Felipe Solano, Editor